Normal view
MARC view
- Islamic Countries -- Social Conditions
Entry Topical Term
001 - CONTROL NUMBER
- control field: 51001
003 - CONTROL NUMBER IDENTIFIER
- control field: NUST
005 - DATE AND TIME OF LATEST TRANSACTION
- control field: 20210314134849.0
008 - FIXED-LENGTH DATA ELEMENTS
- fixed length control field: 210314|| aca||aabn | a|a d
040 ## - CATALOGING SOURCE
- Original cataloging agency: NUST
- Transcribing agency: NUST
150 ## - HEADING--TOPICAL TERM
- Topical term or geographic name entry element: Islamic Countries -- Social Conditions
670 ## - SOURCE DATA FOUND
- Source citation: Work cat.: (NUST): Hussain, Iqbal S. 328, The Decline of the Muslim ummah, 2004
